Countries King Norodom Sihamoni has Visited - Statistics

General Stats
  • This quiz has been taken 20 times
    12 since last reset
  • The average score is 14 of 16
Answer Stats
Continent Country % Correct
Europe France
100%
Europe Germany
100%
India
100%
Asia Japan
100%
Asia Laos
100%
Asia Thailand
100%
Asia Vietnam
100%
Asia Brunei
83%
North America Canada
83%
Asia China
83%
Asia Malaysia
83%
Asia Singapore
83%
Europe Switzerland
83%
Europe Czech Republic
67%
Asia North Korea
50%
Europe Slovakia
33%
No matching quizzes found
Score Distribution
Percent of People with Each Score
Percentile by Number Answered
Your Score History
You have not taken this quiz since the last reset